| 000 | 00800nam a2200217Ia 4500 | ||
|---|---|---|---|
| 003 | GCL | ||
| 008 | 140319s9999 xx 000 0 ara d | ||
| 040 |
_aGCL / _cGCL |
||
| 082 | 0 | 4 |
_a301.161 _bث ا |
| 100 | 1 | _aثروت محمد محمد شلبى | |
| 245 | 1 | 0 |
_a"ازمة الخليج "" الوعى الجماهيرى ووسائل الاتصال "" دراسة فى تحليل مضمون الصحافة المصرية" / _cثروت محمد محمد شلبى |
| 490 | _a | ||
| 650 | 0 | 4 | _aالمجتمع |
| 650 | 0 | 4 | _aازمة الخليج |
| 650 | 0 | 4 | _aالتغير الاجتماعى |
| 650 | 0 | 4 | _aالاجتماع السياسى |
| 650 | 0 | 4 | _aالحركات الاجتماعية |
| 650 | 0 | 4 | _aالاجتماع، علم |
| 650 | 0 | 4 | _aالاتصال - علم اجتماع |
| 942 |
_2ddc _cBK |
||
| 999 |
_c41052 _d41052 |
||